000 00757cam a22002414a 4500
001 12199029
005 20180119084616.0
008 001010s2001 deua b 000 0 eng
010 _a 00011872
020 _a0872072843 (pbk. : alk. paper)
040 _aDLC
_cDLC
_dDLC
041 _aeng
042 _apcc
080 _a371.201 dou
082 0 0 _a371.3 dou
_221
100 1 _a47
101 _aedu
245 1 0 _aClassroom strategies for interactive learning /
_cDoug Buehl.
504 _aIncludes bibliographical references.
906 _a7
_bcbc
_corignew
_d1
_eecip
_f20
_gy-gencatlg
942 _2ddc
_cBK
999 _c40612
_d40612